| 000 | 00806nam a2200253Ia 4500 | ||
|---|---|---|---|
| 001 | 21625 | ||
| 005 | 20260320113259.0 | ||
| 008 | 260320s9999||||xx |||||||||||||| ||und|| | ||
| 041 | _aESP | ||
| 082 |
_a658.83 _bF369 |
||
| 100 |
_aFox, Willard M., _eAUT |
||
| 245 | 0 |
_a Investigación de mercados : _binterpretación y aplicación |
|
| 246 |
_a _5 _b |
||
| 250 | _aPrimera edición | ||
| 260 |
_aMéxico, D. F. : _bFondo de Cultura Económica, _c1961 |
||
| 300 |
_a292 páginas : _b _c23 cm. _e |
||
| 440 |
_a _n _v |
||
| 650 | _aTCA | ||
| 653 | _aAdministración; Investigación de mercados | ||
| 654 | _aCAN | ||
| 700 |
_a _c |
||
| 856 |
_uhttps://ebooks7-24-com.ucsp.lookproxy.com/stage.aspx?il=&pg=&ed= _zVéase además: Investigación de mercados. Versión digital |
||
| 942 |
_cLIB _dJUS _fTRC _2ddc _n |
||
| 999 |
_c21625 _d21625 |
||